Statystyki dla I Sekretarz KC PZPR

Kliknij tutaj aby rozwiązać quiz!

Ogólne statystyki

  • Ten quiz został rozwiązany 530 razy
  • Średni wynik to 4 z 7

Statystyki odpowiedzi

OkresImię i nazwisko% Poprawnych
1970-1980Edward Gierek
90%
1981-1989Wojciech Jaruzelski
88%
1948-1956Bolesław Bierut
87%
1956-1970Władysław Gomułka
86%
1956-1956Edward Ochab
40%
1980-1981Stanisław Kania
38%
1989-1990Mieczysław Rakowski
15%

Rozkład punktacji

Percentyl według liczby udzielonych odpowiedzi

Procent ludzi z każdym wynikiem

Twoja historia wyników

Nie rozwiązałeś tego quizu